00767nam a2200241Ia 4500003000900000008004100009040001300050040001300063041000800076100002200084245008900106250001000195260001600205260000900221300001100230300001200241490002000253490000700273700002400280942000700304999001700311952019700328IT-RoPAU120407s9999 xx 000 0 und d aIT-RoPAU cIT-RoPAU aita aMario Dell’Arco aPoesia dialettale del Novecento . A cura dI Mario Dell’Arco e Pier Paolo Pasolini aParma aUgo Guanda  c1952 a412 p. c23,5 cm a Collez. FENICE v21 aPier Paolo Pasolini cBK c34264d34264 00102ddc406808_62100000000000071aPAULUSbPAULUSd2012-04-11l0o808.621r2012-04-11 00:00:00w2012-04-11yBKzInserito da: Mario In data: 06 agosto 2011 fondo: Via A.Severo 56 Progr:29343